000 00452cam a22001217a 4500
008 180718b2001 xxu||||| |||| 00| 0 eng d
082 _aJ222 N213
245 _aNational conference on geomtics in governance for development, February 15-17,2001, Hyderabad: pre- conference publication
260 _aHyderabad
_bNational Remote Sensing Agency
_c2001
300 _a146p.
650 _aGeographical information system
700 _aIndian Society of Geomatics
999 _c502273
_d502273